<?xml version='1.0' encoding='UTF-8'?>
  <record xmlns="http://www.loc.gov/MARC21/slim">
    <leader>00000cam a22000007i 4500</leader>
    <controlfield tag="001">ocm66820152</controlfield>
    <controlfield tag="003">OCoLC</controlfield>
    <controlfield tag="005">20251223203323.3</controlfield>
    <controlfield tag="008">040215s1719    gw            000 0 ger d</controlfield>
    <datafield tag="040" ind1=" " ind2=" ">
      <subfield code="a">NLGGC</subfield>
      <subfield code="b">dut</subfield>
      <subfield code="e">fobidrtb</subfield>
      <subfield code="c">NLGGC</subfield>
      <subfield code="d">QGJ</subfield>
      <subfield code="d">OCLCO</subfield>
    </datafield>
    <datafield tag="029" ind1="0" ind2=" ">
      <subfield code="a">NLGGC</subfield>
      <subfield code="b">260801267</subfield>
    </datafield>
    <datafield tag="035" ind1=" " ind2=" ">
      <subfield code="a">(OCoLC)66820152</subfield>
    </datafield>
    <datafield tag="041" ind1="1" ind2=" ">
      <subfield code="a">ger</subfield>
      <subfield code="a">lat</subfield>
    </datafield>
    <datafield tag="100" ind1="1" ind2=" ">
      <subfield code="a">Orffyreus, Johann Ernst Elias,</subfield>
      <subfield code="c">pseud. van Johann Ernst Elisas Bessler.</subfield>
      <subfield code="4">aut</subfield>
      <subfield code="4">pbl</subfield>
      <subfield code="4">prt</subfield>
      <subfield code="4">bsl</subfield>
    </datafield>
    <datafield tag="240" ind1="1" ind2="0">
      <subfield code="a">Triumphans perpetuum mobile.</subfield>
      <subfield code="l">German &amp; Latin</subfield>
    </datafield>
    <datafield tag="245" ind1="1" ind2="4">
      <subfield code="a">Das Triumphirende Perpetuum mobile Orffyreanum :</subfield>
      <subfield code="b">an alle Potentaten, hohe Häupter, Regenten und Stände der Welt, etc. ; In gebürender Submission Zu etwanniger Erhandlung vorgestellet, und als ein Antrag entworffen, von dessen Inventore, Orffyreo = Triumphans perpetuum mobile Orffyreanum omnibus summis orbis universi principibus : magistratibus &amp; stratibus debita cum submissione venale propositum, una cum variis ejusdem effectibus per authentica testimonia confirmatum /</subfield>
      <subfield code="c">ab ejusdem inventore Orffyreo ...</subfield>
    </datafield>
    <datafield tag="246" ind1="3" ind2="1">
      <subfield code="a">Triumphans perpetuum mobile Orffyreanum omnibus summis orbis universi principibus</subfield>
    </datafield>
    <datafield tag="260" ind1=" " ind2=" ">
      <subfield code="a">Zu Cassel gedruckt :</subfield>
      <subfield code="b">Verlegt von dem Inventore selbst ...,</subfield>
      <subfield code="c">October 1719.</subfield>
    </datafield>
    <datafield tag="300" ind1=" " ind2=" ">
      <subfield code="a">168, [4] p., uitsl. pl. :</subfield>
      <subfield code="b">portr., ills. ;</subfield>
      <subfield code="c">20 cm (4-o).</subfield>
    </datafield>
    <datafield tag="336" ind1=" " ind2=" ">
      <subfield code="a">tekst</subfield>
      <subfield code="b">txt</subfield>
      <subfield code="2">rdacontent/dut</subfield>
    </datafield>
    <datafield tag="337" ind1=" " ind2=" ">
      <subfield code="a">zonder medium</subfield>
      <subfield code="b">n</subfield>
      <subfield code="2">rdamedia/dut</subfield>
    </datafield>
    <datafield tag="338" ind1=" " ind2=" ">
      <subfield code="a">band</subfield>
      <subfield code="b">nc</subfield>
      <subfield code="2">rdacarrier/dut</subfield>
    </datafield>
    <datafield tag="340" ind1=" " ind2=" ">
      <subfield code="m">4to</subfield>
      <subfield code="2">rdabf</subfield>
    </datafield>
    <datafield tag="500" ind1=" " ind2=" ">
      <subfield code="a">Twee titelpag. in Duits en Latijn, in  rood en zwart.</subfield>
    </datafield>
    <datafield tag="546" ind1=" " ind2=" ">
      <subfield code="a">Tekst in Duits en Latijn in parallelle kolommen.</subfield>
    </datafield>
    <datafield tag="500" ind1=" " ind2=" ">
      <subfield code="a">Latijnse en Duitse tekst.</subfield>
    </datafield>
    <datafield tag="650" ind1=" " ind2="0">
      <subfield code="a">Perpetual motion.</subfield>
    </datafield>
    <datafield tag="650" ind1=" " ind2="0">
      <subfield code="a">Inventions.</subfield>
    </datafield>
    <datafield tag="650" ind1=" " ind2="6">
      <subfield code="a">Mouvement perpétuel.</subfield>
    </datafield>
    <datafield tag="752" ind1=" " ind2=" ">
      <subfield code="a">Germany</subfield>
      <subfield code="d">Kassel.</subfield>
    </datafield>
    <datafield tag="936" ind1=" " ind2=" ">
      <subfield code="a">BATCHLOAD</subfield>
    </datafield>
  </record>